| 000 | 00753nam a2200241Ia 4500 | ||
|---|---|---|---|
| 003 | GCL | ||
| 008 | 140319s9999 xx 000 0 ara d | ||
| 040 |
_aGCL / _cGCL |
||
| 082 | 0 | 4 |
_a551.6 _bع م |
| 100 | 1 | _aعلى حسن موسى | |
| 245 | 1 | 0 |
_aموسوعة الطقس والمناخ / _cعلى حسن موسى |
| 250 | _aالاولى | ||
| 260 |
_aسوريا : _bنور للطباعة والنشر والتوزيع ، _c2006 |
||
| 300 |
_a557 ص ؛ _c24 سم |
||
| 650 | 0 | 4 | _aتلوث البيئة |
| 650 | 0 | 4 | _aالمناخ |
| 650 | 0 | 4 | _aالغلاف الجوى |
| 650 | 0 | 4 | _aالطقس |
| 650 | 0 | 4 | _aالارصاد الجوية |
| 650 | 0 | 4 | _aالهواء - تلوث |
| 650 | 0 | 4 | _aالظواهر الجوية، علم |
| 942 |
_2ddc _cBK |
||
| 999 |
_c8505 _d8505 |
||